<?xml version="1.0" encoding="UTF-8"?>
<record
    xmlns:xsi="http://www.w3.org/2001/XMLSchema-instance"
    xsi:schemaLocation="http://www.loc.gov/MARC21/slim http://www.loc.gov/standards/marcxml/schema/MARC21slim.xsd"
    xmlns="http://www.loc.gov/MARC21/slim">

  <leader>01114nam a22002657a 4500</leader>
  <controlfield tag="001">83139</controlfield>
  <controlfield tag="003">BD-RjUL</controlfield>
  <controlfield tag="005">20240222181012.0</controlfield>
  <controlfield tag="008">240222s2022bg  |||a|||| m||| 00| 0 eng d</controlfield>
  <datafield tag="035" ind1=" " ind2=" ">
    <subfield code="a">(BD-RjUL)83139</subfield>
  </datafield>
  <datafield tag="040" ind1=" " ind2=" ">
    <subfield code="a">BD-RjUL</subfield>
    <subfield code="b">eng</subfield>
    <subfield code="c">BD-RjUL</subfield>
    <subfield code="d">BD-RjUL</subfield>
  </datafield>
  <datafield tag="041" ind1=" " ind2=" ">
    <subfield code="a">eng</subfield>
  </datafield>
  <datafield tag="082" ind1=" " ind2=" ">
    <subfield code="2">23</subfield>
    <subfield code="a">632.950954924</subfield>
    <subfield code="b">BEP 2022</subfield>
  </datafield>
  <datafield tag="100" ind1=" " ind2=" ">
    <subfield code="a">Begum, Shahnaz</subfield>
    <subfield code="9">11877</subfield>
  </datafield>
  <datafield tag="245" ind1="1" ind2="0">
    <subfield code="a">Pesticide use in vegetables fields of Rajshahi district and its impact on human health and environment /</subfield>
    <subfield code="c">Submitted By Shahnaz, Begum ;</subfield>
    <subfield code="6">Principal Supervisor : Md. Abul Kalam Azad, Co-Supervisor : Md. Sultan Ahmed</subfield>
  </datafield>
  <datafield tag="260" ind1=" " ind2=" ">
    <subfield code="a">Rajshahi :</subfield>
    <subfield code="b">Institute of Environmental Science, University of Rajshahi,</subfield>
    <subfield code="c">2022</subfield>
  </datafield>
  <datafield tag="300" ind1=" " ind2=" ">
    <subfield code="a">xv, 131 leaves :</subfield>
    <subfield code="b">ill, ;</subfield>
    <subfield code="c">29.cm.</subfield>
  </datafield>
  <datafield tag="502" ind1=" " ind2=" ">
    <subfield code="a">Thesis (Ph. D.) -- Institute of Environmental Science, University of Rajshahi, 2022</subfield>
  </datafield>
  <datafield tag="504" ind1=" " ind2=" ">
    <subfield code="a">References : Leaves 115 -122</subfield>
  </datafield>
  <datafield tag="650" ind1=" " ind2=" ">
    <subfield code="a">Pesticides</subfield>
    <subfield code="z">Rajshahi</subfield>
    <subfield code="9">11878</subfield>
  </datafield>
  <datafield tag="650" ind1=" " ind2=" ">
    <subfield code="a">Human health</subfield>
    <subfield code="z">Bangladesh)</subfield>
    <subfield code="9">10610</subfield>
  </datafield>
  <datafield tag="700" ind1=" " ind2=" ">
    <subfield code="a">Azad, Md. Abul Kalam, Principal Supervisor </subfield>
    <subfield code="9">7264</subfield>
  </datafield>
  <datafield tag="700" ind1=" " ind2=" ">
    <subfield code="a">Ahmed. Md. Sultan, Co-Supervisor </subfield>
    <subfield code="9">11879</subfield>
  </datafield>
  <datafield tag="942" ind1=" " ind2=" ">
    <subfield code="2">ddc</subfield>
    <subfield code="c">THE</subfield>
  </datafield>
  <datafield tag="999" ind1=" " ind2=" ">
    <subfield code="c">83139</subfield>
    <subfield code="d">83139</subfield>
  </datafield>
  <datafield tag="952" ind1=" " ind2=" ">
    <subfield code="1">0</subfield>
    <subfield code="2">ddc</subfield>
    <subfield code="4">0</subfield>
    <subfield code="7">1</subfield>
    <subfield code="8">THESES</subfield>
    <subfield code="a">RUCL</subfield>
    <subfield code="b">RUCL</subfield>
    <subfield code="c">Doc/The</subfield>
    <subfield code="d">2023-11-27</subfield>
    <subfield code="e">Controller of Exam. R. U.</subfield>
    <subfield code="l">0</subfield>
    <subfield code="o">THE 632.950954924 BEP 2022</subfield>
    <subfield code="p">D4937</subfield>
    <subfield code="r">2024-02-22 00:00:00</subfield>
    <subfield code="t">C-I</subfield>
    <subfield code="y">THE</subfield>
  </datafield>
</record>
